000 00366nam a22001577a 4500
005 20260408152455.0
008 160615b xxu||||| |||| 00| 0 eng d
020 _a978-1-57851-875-3
041 _aeng
082 _a658.3
245 _aHiring and Keeping the Best People
260 _bHarvard Business seha
300 _a164
650 _aManagement
942 _cBK
999 _c2827
_d2826